A new and accurate survey of the cities of London and Westminster, the borough of Southwark : with the country about it for nineteen miles in length, and thirteen in depth (Record no. 114118)

MARC details
000 -LEADER
fixed length control field 00760cam a22001815a 4500
001 - CONTROL NUMBER
control field L156233
008 - FIXED-LENGTH DATA ELEMENTS--GENERAL INFORMATION
fixed length control field 120509s1751 xxk f 000 0 eng d
035 ## - SYSTEM CONTROL NUMBER
System control number (Sirsi) u156233
041 0# - LANGUAGE CODE
Language code of text/sound track or separate title eng
100 1# - MAIN ENTRY--PERSONAL NAME
Personal name Rocque, John
Dates associated with a name d. 1762
245 02 - TITLE STATEMENT
Title A new and accurate survey of the cities of London and Westminster, the borough of Southwark : with the country about it for nineteen miles in length, and thirteen in depth
260 ## - PUBLICATION, DISTRIBUTION, ETC.
Place of publication, distribution, etc. London
Name of publisher, distributor, etc. sold by the proprietor John Rocque, next the Barr, in Southampton-Street, Covent-Garden. Printed by H. Lewis, at the Golden-Ball, in Durham-Yard
Date of publication, distribution, etc. [1751]
300 ## - PHYSICAL DESCRIPTION
Extent [4]p., 16 plates
Other physical details ill., maps
Dimensions 1o
520 ## - SUMMARY, ETC.
Summary, etc. Title page printed in red and black.
651 #4 - SUBJECT ADDED ENTRY--GEOGRAPHIC NAME
Geographic name London
690 ## - LOCAL SUBJECT ADDED ENTRY--TOPICAL TERM (OCLC, RLIN)
Topical term or geographic name as entry element Geomatics
9 (RLIN) 6242
942 ## - ADDED ENTRY ELEMENTS (KOHA)
Suppress in OPAC 0
Holdings
Withdrawn status Lost status Source of classification or shelving scheme Damaged status Not for loan Home library Current library Shelving location Date acquired Total Checkouts Full call number Barcode Date last seen Copy number Price effective from Koha item type
    Dewey Decimal Classification     Historic collection Historic collection Safe 09/05/2012   FOLIO 1751 ROCQUE 30077743 22/04/2026 1 06/08/2019 Book